Media writer’s handbook : (Record no. 50561)

MARC details
000 -LEADER
fixed length control field 01098nam a22003137a 4500
005 - DATE AND TIME OF LATEST TRANSACTION
control field 20110215113718.0
008 - FIXED-LENGTH DATA ELEMENTS--GENERAL INFORMATION
fixed length control field 110215t xxu||||| |||| 00| 0 eng d
010 ## - LCCN (DPL NO)
LC control number ENG-102005
020 ## - INTERNATIONAL STANDARD BOOK NUMBER
International Standard Book Number 9780071070751
Terms of availability 395.00
020 ## - INTERNATIONAL STANDARD BOOK NUMBER
International Standard Book Number 0071070753
Terms of availability 395.00
035 ## - SYSTEM CONTROL NUMBER
System control number EN-85538
037 ## - SOURCE OF ACQUISITION
Source of stock number/acquisition DBAD/PUB
040 ## - CATALOGING SOURCE
Original cataloging agency dpl
Language of cataloging Eng
082 ## - DEWEY DECIMAL CLASSIFICATION NUMBER
Classification number 808.027
100 ## - MAIN ENTRY--PERSONAL NAME
Personal name Arnold, George T.
9 (RLIN) 25984
245 ## - TITLE STATEMENT
Title Media writer’s handbook :
Statement of responsibility, etc by George T. Arnold
Remainder of title a guide to common writing and editing problems /
250 ## - EDITION STATEMENT
Edition statement 4th ed
260 ## - PUBLICATION, DISTRIBUTION, ETC. (IMPRINT)
Place of publication, distribution, etc New Delhi
Name of publisher, distributor, etc Tata McGraw Hill
Date of publication, distribution, etc 2010
270 ## - ADDRESS
Address 7, West Patel Nagar
City New Delhi
Postal code 110008
300 ## - PHYSICAL DESCRIPTION
Extent xviii,341, I-8p.
Dimensions 23cm (pbk)
500 ## - GENERAL NOTE
General note Includes index
650 ## - SUBJECT ADDED ENTRY--TOPICAL TERM
9 (RLIN) 25980
Topical term or geographic name as entry element Journalism
Form subdivision Style manuals.
650 ## - SUBJECT ADDED ENTRY--TOPICAL TERM
9 (RLIN) 25981
Topical term or geographic name as entry element Journalism
General subdivision Authorship.
650 ## - SUBJECT ADDED ENTRY--TOPICAL TERM
9 (RLIN) 25982
Topical term or geographic name as entry element Mass media
General subdivision Authorship.
650 ## - SUBJECT ADDED ENTRY--TOPICAL TERM
9 (RLIN) 25985
700 ## - ADDED ENTRY--PERSONAL NAME
9 (RLIN) 25983
942 ## - ADDED ENTRY ELEMENTS (KOHA)
Source of classification or shelving scheme Dewey Decimal Classification
Item type English Books
Classification part 808.027
Call number suffix ARN
Holdings
Withdrawn status Lost status Source of classification or shelving scheme Damaged status Not for loan Collection code Home library Current library Date acquired Source of acquisition Cost, normal purchase price Total Checkouts Full call number Barcode Date last seen Copy number Cost, replacement price Koha item type
    Dewey Decimal Classification   Not For Loan Non-fiction D.B.Act.Division D.B.Act.Division 15/02/2011 DBAD/PUB 395.00   808.027 ARN EN-85538 15/02/2011 1 395.00 English Books

© Delhi Public Library
Hit Counter
free hit counter